01642nkc a2200265za 450000100060000000300040000600500170001000700070002700800410003404000240007524500940009926000350019330000970022850002930032550002660061850000880088454400760097260000340104861000510108265100180113365500350115171000280118685200120121485601500122684593OSt20260427095955.0kh boc250410s1909 sp ||||| ||||||0| i|spa d aM-RABAbspacM-RABA00aConvite de Dionisio el Tirano a Damoclesh[Material gráfico]c/ José Ginés Marín  b[Hauser y Menet]c, [ca. 1909] a1 fotografíab: gelatina de plata c; imagen 20 x 12,5 cmc; soporte secundario 30 x 24 cm aFotografía del relieve "Convite de Dionisio "el Tirano" a Damocles" de José Ginés Marín, obteniendo el premio de la Academia en Escultura, de primera clase en el año 1787. Se conserva en el Museo de la Real Academia de Bellas Artes de San Fernando con nº de inventario E-141.  aMontada sobre un soporte secundario de cartón, con texto manuscrito a lápiz en la parte inferior al recto: "Convite de Dionisio el Tirano a Damocles por D. José Ginés. Premiado. 1787-1ª clase". Nota manuscrita al verso a lápiz rojo: "José Ginés". aFecha probable de la realización de la fotografía realizada por Hauser y Menet. aArchivo de la Real Academia de Bellas Artes de San Fernando (Le-4-29-1)14aGinés, José (d1768-1823)24aReal Academia de Bellas Artes de San Fernando. 7aMadrid2embne 7aFotografías de obras de arte2 aHauser y Menet (Madrid) jFot-615 3Fot-615uhttps://archivoybiblioteca.realacademiabellasartessanfernando.com/cgi-bin/koha/opac-retrieve-file.pl?id=9164f1a7984739270c332b386a9dc1a2